MICAD 1993
Bewaard in:
| Formaat: | Boek |
|---|---|
| Taal: | Undetermined |
| Gepubliceerd in: |
Paris
Hermès
1993
|
| Onderwerpen: | |
| Tags: |
Voeg label toe
Geen labels, Wees de eerste die dit record labelt!
|
| Thư viện lưu trữ: | Trung tâm Học liệu Trường Đại học Cần Thơ |
|---|
| LEADER | 00392nam a2200157Ia 4500 | ||
|---|---|---|---|
| 001 | CTU_28140 | ||
| 008 | 210402s9999 xx 000 0 und d | ||
| 082 | |a 621.381952 | ||
| 082 | |b M619 | ||
| 245 | 0 | |a MICAD 1993 | |
| 260 | |a Paris | ||
| 260 | |b Hermès | ||
| 260 | |c 1993 | ||
| 650 | |a computer research | ||
| 904 | |i Sáng, 981007 | ||
| 980 | |a Trung tâm Học liệu Trường Đại học Cần Thơ | ||